The Massey legacy : (Record no. 4428)
[ view plain ]
| 000 -LEADER | |
|---|---|
| fixed length control field | 00929nac a22002051u 4500 |
| 010 ## - LIBRARY OF CONGRESS CONTROL NUMBER | |
| LC control number | 00302735 |
| 020 ## - INTERNATIONAL STANDARD BOOK NUMBER | |
| International Standard Book Number | 0852364040 (v. 2) |
| 035 ## - SYSTEM CONTROL NUMBER | |
| System control number | (DLC)11950943 |
| 082 00 - DEWEY DECIMAL CLASSIFICATION NUMBER | |
| Classification number | 338.8878 |
| Item number | F236 |
| 090 ## - LOCALLY ASSIGNED LC-TYPE CALL NUMBER (OCLC); LOCAL CALL NUMBER (OCLC) | |
| -- | 4428 |
| -- | 4428 |
| 100 ## - MAIN ENTRY--PERSONAL NAME | |
| Personal name | Farnworth, J. |
| 245 14 - TITLE STATEMENT | |
| Title | The Massey legacy : |
| Remainder of title | a product and company review of Massey, Harris, Massey-Harris, Ferguson and Massey Ferguson / |
| Statement of responsibility, etc | John Farnworth. |
| 260 ## - PUBLICATION, DISTRIBUTION, ETC. (IMPRINT) | |
| Place of publication, distribution, etc | Ipswich, U.K. : |
| Name of publisher, distributor, etc | Farming Press ; |
| Place of publication, distribution, etc | Alexandria Bay, NY, U.S.A. : |
| Name of publisher, distributor, etc | Distributed in North America by Diamond Farm Enterprises, |
| Date of publication, distribution, etc | <1998- > |
| 300 ## - PHYSICAL DESCRIPTION | |
| Extent | v. <2- > : |
| Other physical details | ill. ; |
| Dimensions | 28 cm. |
| 504 ## - BIBLIOGRAPHY, ETC. NOTE | |
| Bibliography, etc | Includes bibliographical references and indexes. |
| 610 20 - SUBJECT ADDED ENTRY--CORPORATE NAME | |
| Corporate name or jurisdiction name as entry element | Massey-Ferguson Ltd. |
| General subdivision | History. |
| 650 #0 - SUBJECT ADDED ENTRY--TOPICAL TERM | |
| Topical term or geographic name as entry element | Agricultural machinery |
| General subdivision | History. |
| 942 ## - ADDED ENTRY ELEMENTS (KOHA) | |
| Item type | Book - Borrowing |
| Call number prefix | 338.8878F236 |
| Withdrawn status | Item status | Damaged status | Not for loan | Home library | Current library | Shelving location | Date acquired | Source of acquisition | Total Checkouts | Full call number | Barcode | Date last seen | Koha item type |
|---|---|---|---|---|---|---|---|---|---|---|---|---|---|
| Central Library | Central Library | First floor | 07/09/2006 | Purchase | 338.8878 FAR | 000005363 | 15/07/2025 | Book - Borrowing |